| 000 | 00599nam a22001937a 4500 | ||
|---|---|---|---|
| 005 | 20251108173105.0 | ||
| 008 | 250721s2006 xx 000 0 eng d | ||
| 082 | 1 | 4 | _aJ/F/HAN |
| 100 | 1 | _aHANTASH, AMIRA | |
| 245 | 1 | 0 | _aRAMADAN :WITH BILAL ,NADIA ,&HAKEEM / |
| 246 | 1 | 1 | _aرمضان :مع بلال و ناديا و حكيم |
| 264 | 1 |
_aعمان : _bدار اليازوري للنشر و التوزيع, _c2006. |
|
| 300 | _a31P. | ||
| 650 | 1 | 7 | _aFICTION |
| 653 | _aناشاون صغار (10-14)سنه | ||
| 700 | 1 |
_aاليازوري, بشرى _etran. |
|
| 942 |
_2ddc _cBK |
||
| 999 |
_c95836 _d95836 |
||